Sanat - "Lintu" - Statistics

Yleistilastot
  • Tätä visaa on pelattu 165 kertaa
    164 viimeisimmän päivityksen jälkeen
  • Keskiarvotulos 73 / 125
Vastaustilastot
Vastaus % Oikein
lintu
88%
ja
86%
86%
voi
86%
jos
83%
sen
83%
avaraan
81%
Maailmaan
81%
maailmaan
81%
mennä
81%
voisin
81%
nähdä
78%
se
78%
kaiken
77%
vaeltamaan
77%
mi
76%
on
76%
kun
75%
niin
72%
ain
69%
lentää
69%
vie
67%
ihmisen
66%
mikä
66%
lämpöisen
65%
onnehen
65%
ainiaan
64%
nyt
63%
ollut
63%
vain
63%
viepi
63%
katselen
61%
maan
61%
ohjaa
61%
saa
60%
taa
60%
tää
60%
myös
59%
paikankin
59%
pienoinen
59%
korkealle
58%
kauniin
57%
näkee
56%
tuolla
56%
Kaihoten
55%
lapsi
53%
olen
53%
sain
53%
vihannoi
53%
lentämään
51%
maanhan
51%
metsät
51%
puut
51%
Täällä
51%
täällä
51%
kohtaloaan
50%
lähtee
50%
nousta
50%
ikävään
48%
siivin
48%
tehtäväni
48%
jäisin
47%
kuin
47%
miksi
47%
heijastua
45%
kauas
45%
pintaan
45%
vetten
45%
armas
41%
kotiin
41%
nurmet
41%
synnyinmaa
41%
tie
41%
merienkin
40%
minne
38%
en
36%
muuttolinnun
36%
palaa
36%
elon
35%
kaunis
35%
polku
35%
takaisin
35%
Vaikka
35%
milloinkaan
34%
unhoittaa
34%
joudunkin
33%
maata
33%
omaa
33%
vaeltaa
33%
joskus
32%
tahdo
32%
varmaan
32%
mieli
30%
silti
30%
tänne
30%
vaiheissani
30%
taas
25%
lämmön
23%
suuren
23%
mielen
17%
Ehtoja vastaavia visoja ei löytynyt
Tulosjakauma
Jokaisen tuloksen saaneiden osuus
Persentiili vastausten määrän mukaan
Tuloshistoriasi
Et ole pelannut tätä visaa sen viimeisimmän päivityksen jälkeen